[Event "IECG CF.2004.0.00065 email"]
[Site "IECG email"]
[Date "2004.10.25"]
[Round "?"]
[White "De Souza, Sergio Luiz"]
[Black "Adorjan, Attila"]
[Result "1-0"]
[WhiteElo "1157"]
[BlackElo "1000"]
[PlyCount "71"]
[EventDate "2004.10.25"]
[EventType "tourn (corr)"]
[EventRounds "6"]
[SourceTitle "Corr 2008"]
[Source "ChessBase"]
[SourceDate "2008.06.24"]
[SourceVersion "1"]
[SourceVersionDate "2008.06.24"]
[SourceQuality "1"]

1. d4 d5 2. c4 c6 3. Nc3 Nf6 4. Nf3 dxc4 5. a4 Bf5 6. e3 e6 7. Bxc4 Bb4 8. 0-0 0-0 9. Qe2 c5 10. Na2 Nc6 11. Nxb4 Nxb4 12. Bd2 Nc2 13. Rac1 cxd4 14. e4 Nxe4 15. Rxc2 Ng3 16. hxg3 d3 17. Qe5 dxc2 18. Bc3 Qf6 19. Qe3 Qd8 20. Nd4 Bg6 21. Qe5 Qf6 22. Qxf6 gxf6 23. Bb3 Rfd8 24. Nxc2 Kg7 25. Ne3 Rac8 26. Ng4 e5 27. Ne3 Bd3 28. Re1 h5 29. f4 Re8 30. Kf2 Kg6 31. Rh1 Re7 32. Bd1 Rh8 33. Rh4 Ree8 34. g4 hxg4 35. Rxg4+ Kh6 36. Rg3 1-0

[Event "IECG CF.2004.0.00065 email"]
[Site "IECG email"]
[Date "2004.10.25"]
[Round "?"]
[White "De Souza, Sergio Luiz"]
[Black "Livelo, Joey Darvin"]
[Result "1-0"]
[WhiteElo "1157"]
[BlackElo "1193"]
[PlyCount "49"]
[EventDate "2004.10.25"]
[EventType "tourn (corr)"]
[EventRounds "6"]
[SourceTitle "Corr 2008"]
[Source "ChessBase"]
[SourceDate "2008.06.24"]
[SourceVersion "1"]
[SourceVersionDate "2008.06.24"]
[SourceQuality "1"]

1. d4 d5 2. c4 c6 3. Nc3 Nf6 4. Nf3 dxc4 5. a4 Na6 6. e4 Bg4 7. Bxc4 e6 8. Be3 Nb4 9. 0-0 Qa5 10. Be2 Be7 11. Rc1 0-0 12. Ne5 Bxe2 13. Qxe2 Rad8 14. Rfd1 Nd7 15. Nc4 Qc7 16. Qf3 Nb6 17. Bf4 Qc8 18. Nxb6 axb6 19. Qg3 Kh8 20. Be5 f6 21. Bc7 Rd7 22. Bxb6 Bd8 23. Bc5 Be7 24. Bxe7 Rxe7 25. Qd6 1-0

[Event "IECG CP.2004.P.00055 email"]
[Site "IECG email"]
[Date "2004.10.01"]
[Round "?"]
[White "Prestage, George C"]
[Black "De Souza, Sergio Luiz"]
[Result "0-1"]
[WhiteElo "1866"]
[BlackElo "1157"]
[PlyCount "128"]
[EventDate "2004.10.01"]
[EventType "tourn (corr)"]
[EventRounds "6"]
[SourceTitle "Corr 2011"]
[Source "ChessBase"]
[SourceDate "2010.08.31"]
[SourceVersion "1"]
[SourceVersionDate "2010.08.31"]
[SourceQuality "1"]

1. e4 c5 2. Nf3 d6 3. Bc4 Nf6 4. Nc3 e6 5. 0-0 Be7 6. d4 cxd4 7. Nxd4 a6 8. Qf3 0-0 9. Be3 Nbd7 10. Be2 Qc7 11. Qg3 Re8 12. f4 b5 13. Bf3 Rb8 14. a3 b4 15. axb4 Rxb4 16. Nb3 Bb7 17. Bd4 e5 18. fxe5 dxe5 19. Kh1 Bc5 20. Bf2 Bb6 21. Rfe1 Nc5 22. Bxc5 Bxc5 23. Rad1 Bb6 24. Re2 a5 25. Ra1 Ba6 26. Ree1 Bc8 27. Reb1 Be6 28. Ra3 Bxb3 29. cxb3 Bd4 30. Qe1 Reb8 31. Rc1 Qb6 32. Qd1 Bxc3 33. bxc3 Rxb3 34. Rxb3 Qxb3 35. Qxb3 Rxb3 36. c4 Rb6 37. g4 Kf8 38. c5 Rc6 39. Rd1 Rxc5 40. Rd8+ Ke7 41. Rb8 a4 42. Rb7+ Kd6 43. g5 Nd7 44. Ra7 Rc3 45. Kg2 a3 46. Bh5 g6 47. Ra6+ Rc6 48. Rxa3 gxh5 49. Kg3 Rc4 50. Ra6+ Ke7 51. Rh6 Nc5 52. Rxh5 Nxe4+ 53. Kf3 Ke6 54. Kg2 f6 55. gxf6 Nxf6 56. Rg5 e4 57. Ra5 Rc2+ 58. Kg3 e3 59. Ra3 Nd5 60. Ra8 e2 61. Re8+ Kf7 62. Re4 Kf6 63. Kf3 Nc3 64. Re3 Rc1 0-1